MARC

Tag First Indicator Second Indicator Subfields
LEADER 00000cam a2200000 a 4500
001 in00001069395
005 20160226132358.0
008 850216s1984 txuab b s00010 eng d
035 |a (OCoLC)11702977 
035 |9 AFM7867AM 
040 |a IKM  |c IKM  |d UtOrBLW 
049 |a IKMd  |a TXAS [tamu] 
086 |a Z TA225.7 In3 no.84-1 Sp-10  |2 txdocs 
090 |a S561.6.T4  |b L573 1984 
099 9 |a Z  |a TA225.7  |a In3  |a no.84-1  |a Sp-10 
100 1 |a Litzenberg, Kerry K. 
245 1 3 |a An economic analysis of the effects of coyotes on the Edwards Plateau sheep and goat industry /  |c Kerry K. Litzenberg and Kim A. Keese. 
264 1 |a College Station, Tex. :  |b Dept. of Agricultural Economics, Texas Agricultural Experiment Station, Texas A&M University System,  |c [1984] 
300 |a 26 pages, 1 unnumbered leaves :  |b illustrations, 4 maps ;  |c 28 cm. 
336 |a text  |b txt  |2 rdacontent 
337 |a unmediated  |b n  |2 rdamedia 
338 |a volume  |b nc  |2 rdacarrier 
490 1 |a Departmental information report / Department of Agricultural Economics, Texas Agricultural Experiment Station, Texas A&M University System ;  |v DIR 84-1 
490 1 |a Staff paper series / Department of Agricultural Economics, Texas Agricultural Experiment Station, Texas A&M University System ;  |v SP-10 
500 |a "April 1984." 
504 |a Bibliography: leaf [27] 
650 0 |a Coyote  |z Texas  |z Edwards Plateau. 
650 0 |a Sheep  |z Texas  |z Edwards Plateau. 
650 0 |a Goats  |z Texas  |z Edwards Plateau. 
650 0 |a Livestock  |x Losses  |z Texas  |z Edwards Plateau. 
700 1 |a Keese, Kim A. 
710 2 |a Texas Agricultural Experiment Station.  |b Department of Agricultural Economics. 
830 0 |a Staff paper series (Texas Agricultural Experiment Station. Department of Agricultural Economics) ;  |v SP-10. 
830 0 |a Departmental information report (Texas Agricultural Experiment Station. Department of Agricultural Economics) ;  |v no. 84-1. 
999 |a MARS 
999 f f |s 8332d159-4b4f-395d-b734-285d4c56c34f  |i 9f594892-d635-35c7-860f-731490ea5647  |t 0 
952 f f |p noncirc  |a Texas A&M University  |b College Station  |c Cushing Memorial Library & Archives  |d Cushing: Texas A&M (Does not check out)  |t 0  |e S561.6.T4 L573 1984  |h Library of Congress classification  |i unmediated -- volume 
998 f f |a S561.6.T4 L573 1984  |t 0  |l Cushing: Texas A&M (Does not check out)